LEADER 01951nam a2200325 a 4500 001 000000150627 003 CaOOAMICUS 005 20160318130131.0 008 160318m19689999gw cafb u000 u ger r 032 $aLibriCat 035 $a10849831 040 $aPUL$bita 110 1 $aGermania (repubblica federale, 1949-1990).$bPresse- und Informationsamt.$0(OLS)http://pul/name/9969 245 10$aJahresbericht der Bundesregierung /$cHrsg. vom Presse- und Informationsamt der Bundesregierung. 260 $aBonn :$bDeutscher Bundeverlag,$c1968- 300 $av. :$bill., tav., ritr., c. geogr. ;$c24 cm. 505 1 $aVolumi degli anni: 1967, 1968, 1971, 1973, 1975. 651 4$aGermania$xStoria$ySec. XX.$0(OLS)http://pul/subject/13572 651 4$aGermania$xPolitica e governo.$0(OLS)http://pul/subject/23463 850 $aPUL 852 $aPUL$W1$xDP1 Cons. Gen., Altre Classi 1$y22$m649 I 28.8$j173134$bv. del 1967$qStampati$B175182$CPULBib$Z2$F175182 $H31122 $81 852 $aPUL$W1$xDP1 Cons. Gen., Altre Classi 1$y22$m649 I 28.9$j173135$bv. del 1968$qStampati$B175183$CPULBib$Z2$F175183 $H31123 $81 852 $aPUL$W1$xDP1 Cons. Gen., Altre Classi 1$y22$m649 I 28.10$j173136$bv. del 1971$qStampati$B175184$CPULBib$Z2$F175184 $H36748 $81 852 $aPUL$W1$xDP1 Cons. Gen., Altre Classi 1$y22$m649 I 28.11$j173137$bv. del 1973$qStampati$B175185$CPULBib$Z2$F175185 $H40801 $81 852 $aPUL$W1$xDP1 Cons. Gen., Altre Classi 1$y22$m649 I 28.12$j173138$bv. del 1975$qStampati$B175186$CPULBib$Z2$F175186 $H43332 $81 910 $aRepubblica federale tedesca (1949-1990)$99969 941 1 $a8 996 $6245$aJahresbericht der Bundesregierung$9(OLS)http://pul/title/189781 996 $6260$aBonn :$bDeutscher Bundeverlag$9(OLS)http://pul/publisher/84780 LEADER 01725nam a2200337 a 4500 001 000000160117 003 CaOOAMICUS 005 20170410142814.0 008 170410s2017 it u000 u ita r 020 $a978-88-6099-321-2* 032 $aLibriCat 040 $aPUL$bita 082 14$a234.2 245 00$aTestimoni della fede :$besperienze personali e collettive dei cattolici in Europa centro-orientale sotto il regime comunista / $ca cura di Jan Mikrut ; prefazione del cardinale Christoph Schönborn. 260 $aSan Pietro in Cariano :$bGabrielli,$c©2017. 300 $a1243 p. ; $c25 cm. 490 1 $aStoria della Chiesa in Europa centro-orientale 504 $aBibliografia in nota a piè pagina. 610 14$aChiesa cattolica$zEuropa centro-orientale.$0(OLS)http://pul/subject/44483 650 4$aComunismo e chiesa cattolica.$0(OLS)http://pul/subject/29196 700 1 $aSchönborn, Christoph von,$ccard.,$d1945-$0(OLS)http://pul/name/11337 700 1 $aMikrut, Jan,$csac.,$dn. 1960.$0(OLS)http://pul/name/74911 830 0$aStoria della Chiesa in Europa centro-orientale.$0(OLS)http://pul/title/199651 850 $aPUL 852 $aPUL$W1$xSL Religione 3$y85$m234. 2 MIKJA 1$j183717$qDDC 21$B186925$CPULBib$Z2$F186925 $H129421 $81 941 1 $a9 996 $6020$a978-88-6099-321-2*$9(OLS)http://pul/number/162454 996 $6082$a234.2$9(OLS)http://pul/classification/592 996 $6245$aTestimoni della fede :$besperienze personali e collettive dei cattolici in Europa centro-orientale sotto il regime comunista / $9(OLS)http://pul/title/199761 996 $6260$aSan Pietro in Cariano :$bGabrielli$9(OLS)http://pul/publisher/86199 LEADER 01445nam a2200313 a 4500 001 000000173544 003 CaOOAMICUS 005 20200608104452.0 008 200608s2018 gw u000 u ger r 020 $a978-3-451-02294-4* 032 $aLibriCat 040 $aPUL$bita 245 00$aWissenschaft - Wahrheit - Weisheit : $btheologische Standortbestimmungen / $cherausgegeben von Georg Essen und Christian Frevel. 260 $aFreiburg ;$aBasel ;$aWien :$bHerder,$c©2018. 300 $a405 p. ;$c23 cm 490 1 $aQuaestiones disputatae ;$v294 504 $aBibliografia in nota. 650 4$aTeologia$xStoria$ySec. XXI.$0(OLS)http://pul/subject/46250 650 04$aReligione e scienza.$0(OLS)http://pul/subject/147 700 1 $aFrevel, Christian,$d1962-$0(OLS)http://pul/name/55009 700 1 $aEssen, Georg,$d1961-$0(OLS)http://pul/name/50434 830 0$aQuaestiones disputatae (Herder) ;$v294.$0(OLS)http://pul/title/18243 850 $aPUL 852 $aPUL$W1$xSL Religione 2$y84$mTheol A6 294$j197541$qStampati Altre Collocazioni$B202326$CPULBib$Z2$F202326 $H133938 $82 941 1 $a10 996 $6020$a978-3-451-02294-4*$9(OLS)http://pul/number/167543 996 $6245$aWissenschaft - Wahrheit - Weisheit : $btheologische Standortbestimmungen / $9(OLS)http://pul/title/214712 996 $6260$aFreiburg ;$aBasel ;$aWien :$bHerder$9(OLS)http://pul/publisher/48104